00441 a2200157 4500020001600000050001900016100003300035245003900068250002200107264003600129300001400165500001900179504004100198650002600239651001800265 a0394717627 00aHN 65 RYA 19711 aRyan, Williamd1923-eauthor10aBlaming the victim /cWilliam Ryan aRev., updated ed. aNew york:bVintage books,c1971 axv, 311p. aincludes index aIncludes bibliographical references  0aBlamexSocial aspects 0aUnited States